00856cam a22002414a 45000010009000000050017000090080041000260100017000670200015000840400018000990410008001170420008001250800017001330820021001501000006001711010008001772450175001855040064003609060045004249420012004699990017004819520116004981219754720180207051113.0001006s2000 wau bf 001 0 eng  a 00709559  a0889372330 aDLCcDLCdDLC aeng apcc a615.788 HUB00a615.788 HUB221 a2 aSHM00aClinical handbook of psychotropic drugs /cKalyna Z. Bezchlibnyk-Butler, principal editor ; J. Joel Jeffries, co-editor ; contributions from Barry A. Martin ... [et al.]. aIncludes bibliographical references (p. 209-212) and index. a7bcbccorigcopd2encipf20gy-gencatlg 2ddccBK c42004d42004 00102udc40708PËKGa002b002cPËKGd2018-02-07l0o615.788 HUBp002-2998982r2018-02-07w2018-02-07yBK